| 000 | 01929 a2200229 4500 | ||
|---|---|---|---|
| 001 | 36307 | ||
| 005 | 20260407155639.0 | ||
| 008 | 260407a1978 arg spa d | ||
| 003 | AR-UNSa-BCEJYS | ||
| 040 |
_aAR-UNSa-BCEJYS _bspa _cAR-UNSa-BCEJYS |
||
| 080 |
_a658.5 _xPlanificación y control de la producción |
||
| 245 | 1 | 0 |
_aAdministración de la producción y las operaciones _pconceptos, modelos y comportamiento humano |
| 264 | 1 |
_aBogotá : _bPrentice/Hall Internacional _c1978 |
|
| 300 |
_axii, 791 p. _c24 cm. |
||
| 505 | _aI.: Administración y operaciones: 1. Administración - 2. Administración de operaciones - 3. Análisis de operaciones - II.: Planeación del sistema de conversión: 4. Planeación de las operaciones - 5. Planeación de la capacidad - 6. Planeación de la localización de las instalaciones - 7. Planeación de la distribución interna - III.: Organización para la conversión: 8. Organización y provisión del personal para las operaciones - 9. Diseño del trabajo, estándares de producción/operaciones y medición del trabajo - IV.: Planeación del uso del sistema de conversión: 10. Pronóstico - 11. Planeación y programación agregada o de conjunto - 12. Programación intermitente - 13. Planeación y programación de proyectos - V.: Control del sistema de conversión: 14. Control de las operaciones - 15. Fundamentos del control de inventarios - 16. Aplicaciones del control de inventarios - 17. Control de calidad - VI.: Administración de la dinámica de las operciones: 18. El proceso de conversión en una atmósfera de cambio - 19. Enfoques racionales para enfrentar el cambio - 20. Respuestas del comportamiento humano al cambio - 21. Administración de las operaciones en el futuro. | ||
| 041 | _aspa | ||
| 942 | _cBK | ||
| 590 | _aniveau_biblio:m niveau_hierar:0 | ||
| 100 | 1 | _aAdam, Everett E., Jr. | |
| 700 | 1 | _aEbert, Ronald J. | |
| 700 | 1 | _aBetancourt, Alberto Leon | |
| 999 |
_c2634 _d2634 |
||